00714nam a2200229Ia 4500003000400000005001700004008004100021020001800062040001800080041000800098082001700106100002000123245013000143250001200273260003000285300002700315650002800342650004100370650002500411700002400436700002400460OSt20251103101415.0210716s2017 xx 000 0 und d a9781138044975 cAIMIT LIBRARY aeng a005.76bHAST aHastie, Trevor. aStatistical learning with sparsity: blasso and generalizations /cBy Trevor Hastie, Robert Tibshirani and Martin Wainwright. a1st ed. aNew YorkbCRC Pressc2017 axv,351 p.;bPBc24 cm. aLasso for linear models aGeneralizations of the Lasso penalty aOptimization methods aTibshirani, Robert. aWainwright, Martin.